000 00924nam a22002177a 4500
001 EIF-I-1992-M4-002
003 OSt
005 20230104074951.0
008 230104b |||||||| |||| 00| 0 eng d
040 _aFundación Jesús Pereda
_cFundación Jesús Pereda
041 _aCastellano
100 _aÁlvarez Cobelas, José L.
_91205
111 _aEncuentro de Investigadores del Franquismo
_c(Barcelona.
_d1992.
_n1º)
_995
245 _aLos sucesos de febrero de 1965 en la Universidad de Madrid
_c/José L. Álvarez Cobelas
520 _aSe estudian los hechos ocurridos en la Universidad de Madrid en febrero de 1965.
610 0 _9375
_aUniversidad de Madrid
650 0 _9110
_aOposición al franquismo
773 _tActas del I Encuentro de Investigadores del Franquismo
_g110-113 p.
856 _uhttps://bibliotecaccoocyl.fundacionjesuspereda.es/cgi-bin/koha/opac-retrieve-file.pl?id=301e12ff7c419d029b30c6d3256f0e03
942 _2ddc
_cCF
_n0
999 _c733
_d733